00430cam a2200169ua 45000010005000000080039000050400009000440410008000530820008000611000030000692450051000992500012001502600033001623000010001956530019002056530036002249713160730n ii |||gr||||Z||||||asm cMAIN aasm a341 aGogoi, Purandar,eAuthor. aAntajartik aain aru kutniticby Purandar Gogoi a1st ed. aDibrugarh:bBanalata,c2004. a248p. aLaw of nations aInternational law and diplomacy